000 00461nam a2200193Ia 4500
008 240510s9999 xx 000 0 und d
020 _a0000201750813
041 _aEng
082 _a006.74
082 _bN28
100 _aNEWCOMER,ERIC
245 0 _aUNDERSTANDING WEB SERVICES: XML,WSDL,SOAP,and UDDI
260 _bNew York:Addison-Wesley
260 _c2002
300 _a332 p.
650 _aWeb site Services :XML
942 _2ddc
942 _cRBK
999 _c28468
_d28468
945 _a1
_bMadushi Gamage
_c1
_dMadushi Gamage